00796 a2200217 4500003000500000005001700005010001600022020001700038040000900055082001600064100002100080245006000101260006900161300002000230440003000250505015200280650003800432651003600470651003600506651003600542Nust20230301140636.0 a 78301969 a0860790096 : cNust00a327.933,GRA1 aBrown, Leslie H.10aAmerican security policy in Asia /cby Leslie H. Brown. aLondon :bInternational Institute for Strategic Studies,cc1977. a35 p. ;c25 cm. 0aAdelphi papers ;vno. 132 aPolicy Constraint (Page-3), America Strategy For Asia (Page-5), American Interests (Page-9), Future Policy Choices (Page-24), Conclusion (Page-36). 0aNational securityzUnited States. 0aAsiaxRelationszUnited States. 0aUnited StatesxMilitary policy. 0aUnited StatesxRelationszAsia.